00000000nam 2200000zi 4500
0019.947209
003CaOODSP
00520250306123619
006m     o  d f      
007cr |n|||||||||
008250121e20241010onc     ob   f|0| 0 fre d
040 |aCaOODSP|bfre|erda|cCaOODSP
043 |an-cn---
0861 |aYN5-294/2024F-PDF
1001 |aAmmar, Nasreddine, |eauteur.
24510|aAnalyse distributive de la redevance fédérale sur les combustibles – mise à jour / |cNasreddine Ammar, conseiller-analyste, Marianne Laurin, analyste.
264 1|aOttawa, Canada : |bBureau du directeur parlementaire du budget = Office of the Parliamentary Budget Officer, |c10 octobre 2024.
264 4|c©2024
300 |a1 ressource en ligne (51 pages)
336 |atexte|btxt|2rdacontent/fre
337 |ainformatique|bc|2rdamedia/fre
338 |aressource en ligne|bcr|2rdacarrier/fre
500 |aPublié aussi en anglais sous le titre : A distributional analysis of the federal fuel charge - update.
500 |a« RP-2425-017-S. »
504 |aComprend des références bibliographiques (pages 44-51).
520 |a« Ce rapport présente une mise à jour de l’analyse distributive de la redevance fédérale sur les combustibles du DPB afin d’inclure les changements récemment apportés aux politiques et aux projections des émissions de GES, ainsi qu’aux données de microsimulation mises à jour et à la modélisation d’équilibre général calculable (EGC) »--Résumé, page 3.
650 6|aClimat|xChangements|xAtténuation|xPolitique gouvernementale|zCanada.
650 6|aGaz à effet de serre|xRéduction|xPolitique gouvernementale|zCanada.
650 6|aTaxe sur le carbone|zCanada.
7101 |aCanada. |bBureau du Directeur parlementaire du budget, |eorganisme de publication.
77508|tA distributional analysis of the federal fuel charge – update / |w(CaOODSP)9.947166
85640|qPDF|s3.60 Mo|uhttps://publications.gc.ca/collections/collection_2025/dpb-pbo/YN5-294-2024-fra.pdf